000
00200nam a2200085 4500
001
1255751
005
20251212114215.0
245
_a
HEYECAN BİZİM İŞİMİZ
_c
DANİ O. HAGER
260
_b
PANAMA YAYINLARI
999
_c
1255751
_d
1255751